| 000 | 00000nam 2200000zi 4500 |
| 001 | 9.936261 |
| 003 | CaOODSP |
| 005 | 20240403113301 |
| 006 | m o d f |
| 007 | cr cn||||||||| |
| 008 | 240403t20232023onc ob f000 0 eng d |
| 040 | |aCaOODSP|beng|erda|cCaOODSP |
| 043 | |an-cn--- |
| 086 | 1 |aYM32-3/441-S242-1E-PDF |
| 100 | 1 |aFan, Dana, |eauthor. |
| 245 | 10|aBill S-242 : |ban Act to amend the Radiocommunication Act / |cDana Fan and Sarah Lemelin-Bellerose. |
| 246 | 16|aLegislative summary of Bill S-242 : |ban Act to amend the Radiocommunication Act |
| 246 | 10|aAct to amend the Radiocommunication Act |
| 264 | 1|aOttawa : |bLibrary of Parliament = Bibliothè€que du Parlement, |c2023. |
| 264 | 4|c©2023 |
| 300 | |a1 online resource (i, 4 pages). |
| 336 | |atext|btxt|2rdacontent |
| 337 | |acomputer|bc|2rdamedia |
| 338 | |aonline resource|bcr|2rdacarrier |
| 490 | 1 |aLegislative summary ; |v44-1-S242-E |
| 500 | |aCover title. |
| 500 | |a"5 October 2023." |
| 500 | |aIssued also in French under title: Projet de loi S-242 : Loi modifiant la Loi sur la radiocommunication. |
| 504 | |aIncludes bibliographical references (page 4). |
| 520 | |a"The bill amends the Radiocommunication Act to add a condition to licences applicable to the deployment of radio frequency spectrum"--Page 1. |
| 610 | 10|aCanada. |tRadiocommunication Act. |
| 650 | 0|aLicenses|zCanada. |
| 710 | 1 |aCanada. |bLibrary of Parliament, |eissuing body. |
| 710 | 1 |aCanada. |bParliamentary Information and Research Service, |eissuing body. |
| 775 | 08|tProjet de loi S-242 : |w(CaOODSP)9.936264 |
| 795 | |tBill S-242 : |bPreliminary version|w(CaOODSP)9.932685 |
| 830 | #0|aLegislative summary (Canada. Parliamentary Information, Education and Research Services)|v44-1-S242-E.|w(CaOODSP)9.504770 |
| 856 | 40|qPDF|s650 KB|uhttps://publications.gc.ca/collections/collection_2024/bdp-lop/ls/YM32-3-441-S242-1-eng.pdf |
| 856 | 4 |qHTML|sN/A|uhttps://lop.parl.ca/sites/PublicWebsite/default/en_CA/ResearchPublications/LegislativeSummaries/441S242E |